University Home | Library Home | Institutional Repository

The true story of Ida Johnson / (Record no. 159357)

MARC details
000 -LEADER
fixed length control field 00396cam3a220013300 4500
001 - CONTROL NUMBER
control field lce00242937
008 - FIXED-LENGTH DATA ELEMENTS--GENERAL INFORMATION
fixed length control field 770415s1976 onc 000 1 eng d
035 ## - SYSTEM CONTROL NUMBER
System control number (Sirsi) r16587
050 02 - LIBRARY OF CONGRESS CALL NUMBER
Classification number PZ 4 RII 1976
100 1# - MAIN ENTRY--PERSONAL NAME
Personal name Riis, Sharon, 1947-
Dates associated with a name Riis, Sharon, 1947-
Linkage A74083.1
245 14 - TITLE STATEMENT
Title The true story of Ida Johnson /
Statement of responsibility, etc. Sharon Riis.
260 ## - PUBLICATION, DISTRIBUTION, ETC.
Place of publication, distribution, etc. Toronto :
Name of publisher, distributor, etc. Women's Press,
Date of publication, distribution, etc. c1976.
300 ## - PHYSICAL DESCRIPTION
Extent 110p.

No items available.

© 2026 - The University of Zambia Library - Koha v25.11